000 01191nam0a22002771 4500
001 rc\4388442
005 20260406120359.0
021 _aRU
_b[61-33058]
035 _a(NLR Aleph) 008292884
090 _a8587350
_c8587350
100 _a20130416d1961 |||y0rusy50 ca
101 0 _arus
102 _aRU
105 _ay z |||||
200 1 _aТезисы докладов
_fАкад. наук СССР. Ин-т русской литературы. (Пушкинский дом). Тринадцатая Всесоюз. пушкинская конференция. 6-8 июня 1961 г.
210 _aЛенинград
_cБ. и.
_d1961
215 _a20 с.
_d20
702 1 _4570
_7ca
_8rus
_aПушкин
_bА. С.
_cпоэт
_f1799-1837
_gАлександр Сергеевич
_9110441
_3RU\NLR\AUTH\77386
710 1 2 _aВсесоюзная пушкинская конференция
_d13
_eЛенинград
_f1961
_9631860
_3RU\NLR\AUTH\880485713
710 1 2 _aВсесоюзная пушкинская конференция (13; 1961; Ленинград)
801 0 _aRU
_bNLR
_gpsbo
801 1 _aRU
_bELAR
_2rusmarc
852 _aNLR
_j61-4/7435
942 _cBOOK
980 _aNB